Ejercicios de econometría /
Guardado en:
| Otros Autores: | |
|---|---|
| Formato: | Libro |
| Idioma: | Spanish |
| Publicado: |
Madrid :
McGraw-Hill, Interamericana,
c1995.
|
| Materias: | |
| Etiquetas: |
Agregar Etiqueta
Sin Etiquetas, Sea el primero en etiquetar este registro!
|
| LEADER | 00590nam a22001695 4500 | ||
|---|---|---|---|
| 001 | EAD.ead002239 | ||
| 008 | 080718s1995####sp#######b####000#0#spa#d | ||
| 005 | 20100624152656.0 | ||
| 245 | 0 | 0 | |a Ejercicios de econometría / |c Ana I. Fernández Sainz ... [et al.]. |
| 260 | |a Madrid : |b McGraw-Hill, Interamericana, |c c1995. | ||
| 300 | |a xvi, 440 p. ; |c 23 cm. | ||
| 504 | |a Incluye referencias bibliográficas. | ||
| 020 | |a 8448117980 | ||
| 700 | 1 | |a Fernández Sainz, Ana I. | |
| 082 | 0 | 4 | |a 330.015195 |2 21 |
| 650 | 7 | |a Econometría. |2 unbist | |
| 859 | |a AR-BaBDC |b BIB. ADMINISTRACION - Libros |h 330.015195 |i F391 |p b03254 | ||
